000 00526nam a2200169Ia 4500
008 230917s9999||||xx |||||||||||||| ||und||
020 _cRS995
040 _e227751
_aMAIN
041 _aEnglish
082 _a363.325 S29G
100 _aShay,Shaul
245 0 _aGlobal Jihad and the tactic of terror abduction : A Comprehensive review of Islamic terrorist organizations
260 _aNew Delhi
_bPentagon Press
_c2014
300 _axii,307 p.
500 _a2083 20/08/2015 APD15/1020375 24/08/2015 Main Budget
942 _cBK
999 _c15646
_d15646